| 000 | 00485nam a22000977a 4500 | ||
|---|---|---|---|
| 008 | 190410| ||| | ||||||0| ||spa d | ||
| 245 | _aHueso Frontal | ||
| 300 | _eHueso Frontal | ||
| 653 |
_a Hueso impar, central, simétrico y plano _aTien dos caras (endocraneal y exocraneal) y un borde circunferencial _aSe encuentra en la parte anterosuperior del cráneo por delante de los huesos parietales, por arriba del esfenoides, y por encima del etmoides y el macizo facial |
||
| 942 |
_cHUESOS _2ddc |
||
| 999 |
_c3179 _d3179 |
||